Дериватографическое исследование углеродистых восстановителей; Химия твердого топлива; № 2

Bibliographic Details
Parent link:Химия твердого топлива: научно-технический журнал/ Академия наук СССР (АН СССР).— , 1968-.— 0023-1177
№ 2.— 1978.— С. 82-85
Main Author: Редькин С. П.
Other Authors: Белихмаер Я. А.
Language:Russian
Published: 1978
Subjects:
Format: Book Chapter
KOHA link:https://koha.lib.tpu.ru/cgi-bin/koha/opac-detail.pl?biblionumber=467303

MARC

LEADER 00000naa2a2200000 4500
001 467303
005 20231101090737.0
035 |a (RuTPU)RU\TPU\prd\131952 
035 |a RU\TPU\tpu\15303 
090 |a 467303 
100 |a 20120209a1978 k y0rusy50 ca 
101 0 |a rus 
102 |a RU 
200 1 |a Дериватографическое исследование углеродистых восстановителей  |f С. П. Редькин, Я. А. Белихмаер 
461 0 |0 (RuTPU)RU\TPU\prd\427  |x 0023-1177  |t Химия твердого топлива  |o научно-технический журнал  |f Академия наук СССР (АН СССР)  |d 1968- 
463 0 |0 (RuTPU)RU\TPU\prd\131951  |t № 2  |v С. 82-85  |d 1978 
610 1 |a труды учёных ТПУ 
700 1 |a Редькин  |b С. П. 
701 1 |a Белихмаер  |b Я. А. 
801 1 |a RU  |b 63413507  |c 20081118  |g PSBO 
801 2 |a RU  |b 63413507  |c 20120209  |g RCR 
942 |c BK